00734 a2200169 4500003000500000005001700005010001200022040000900034082001200043100002000055245005400075250001100129260003400140300001100174505036300185650001600548Nust20221104120216.0 a7388136 cNust a510,YOU aYouse, Bevan K. aAn Introduction to mathematics / cBevan K. Youse a2nd ed aBostanbAllyn and Baconc1970 a287 p. aThe nature of mathematics (Page-1), Numbers and numerals (Page-7), Checks and pseudo-checks(page 41), The expanding world of numbers (Page-63), Number patterns (Page-93), A look at topology (Page-129), Probability and statistics (Page-157), Logic and axiomatic approach (Page-189), The principles of computer programming (Page-227), Number theory (Page-247). aMathematics